000 01128nam a2200325 i 4500
001 bg
100 1 _aKoblitz, Neal
_d(1948- ).
245 1 0 _aWykład z teorii liczb i kryptografii /
_cNeal Koblitz ; z ang. przeł. Wojciech Guzicki.
246 1 _iTyt. oryg.:
_aCourse in number theory and cryptography
250 _aWyd. 2.
260 _aWarszawa :
_bWydawnictwa Naukowo-Techniczne,
_c2006.
300 _a285 s. ;
_c25 cm.
490 1 _aTAO Tajemnica, Atak, Obrona
500 _aTyt. oryg.: "A cource in number theory and cryptography" 1994.
504 _aBibliogr. przy rozdz. Indeks.
650 9 _aLiczby
_xteoria
650 9 _aSzyfry
655 _aPodręczniki akademickie
700 1 _aGuzicki, Wojciech.
_eTł.
830 _aTAO Tajemnica, Atak, Obrona
020 _a8320431891
040 _cBPK
041 1 _apol
_heng
044 _aPOL
080 _a511:003.26](075.8)
920 _a83-204-3189-1
942 _cKS
008 s pl f |000 0 pol
999 _c56121
_d56121
856 _uhttp://koha.tu.koszalin.pl/cgi-bin/koha/opac-detail.pl?biblionumber=56121
_yKatalog online BPK